000 01061nam a2200229Ia 4500
001 L235-8423
003 IT-CnALBA
008 170116s9999||||xx |||||||||||||| ||und||
040 _aIT-CnALBA
_cIT-CnALBA
041 _aITALIANO
100 _aANGHILERI D. GIOVANNI, OBLATO
245 0 _aSANT'AMBROGIO VESCOVO DI MILANO.
250 _a1a ed.
260 _aMILANO
_bDAVERIO GIOVANNI EDITORE
_c1939 [1° Ed.:1939 - Ed.Ling.Originale: 1939]
300 _a204 p. (prefazione: 6)
500 _aDONO DI DIO. SANTO. CONSOLE DI DIO. AMBROGIO VESCOVO. ERESIA ARIANA. RAPPORTO CON LE AUTORITÀ DELL'IMPERO. TEODOSIO VEDOVE E VERGINI. DIO E CESARE. SCRITTI DI AMBROGIO.
501 _aSocietà San Paolo EM - Piazza San Paolo, 14 - 12051 ALBA (CN) (non commercial uses only) ® Copyright 2017
520 _aDONO DI DIO. SANTO. CONSOLE DI DIO. AMBROGIO VESCOVO. ERESIA ARIANA. RAPPORTO CON LE AUTORITÀ DELL'IMPERO. TEODOSIO VEDOVE E VERGINI. DIO E CESARE. SCRITTI DI AMBROGIO.
650 _aMARIA SS. ANGELI SANTI DEMONI
942 _cBK
957 _71
999 _a9399
_bSI
_g Copie: 1
_c267601
_d267601